[Event "Steyr Landesliga 2122"]
[Site "Austria"]
[Date "2022.03.19"]
[Round "4.8"]
[White "Poetscher, Katharina"]
[Black "Sohn, Benedikt"]
[Result "0-1"]
[WhiteElo "998"]
[BlackElo "1523"]
[PlyCount "74"]
[EventDate "2021.10.16"]
[EventType "team-tourn"]
[EventRounds "11"]
[EventCountry "AUT"]
[SourceTitle "EXT 2023"]
[Source "ChessBase"]
[SourceDate "2022.10.05"]
[SourceVersion "1"]
[SourceVersionDate "2022.10.05"]
[SourceQuality "1"]
[WhiteTeam "Gratwein Strassengel"]
[BlackTeam "Graz Styria"]
[WhiteTeamCountry "AUT"]
[BlackTeamCountry "AUT"]

1. e4 c5 2. c3 d5 3. exd5 Qxd5 4. Nf3 Nc6 5. Be2 Nf6 6. 0-0 e5 7. Re1 Be7 8. Bb5 e4 9. Qe2 Bd7 10. Bxc6 Bxc6 11. d4 0-0 12. Ne5 cxd4 13. Nxc6 bxc6 14. cxd4 Qxd4 15. Nc3 Bb4 16. Bd2 Rfe8 17. a3 Ba5 18. Rac1 Rad8 19. b4 Bc7 20. Bg5 Qe5 21. f4 exf3 22. Qxe5 Rxe5 23. Bxf6 f2+ 24. Kxf2 Rf5+ 25. Kg1 Rxf6 26. g3 Bb6+ 27. Kh1 h6 28. Re2 Rd3 29. Ne4 Re6 30. Rc3 Rd4 31. Rce3 Rd1+ 32. Kg2 Bxe3 33. Rxe3 Rd4 34. Kf3 Rc4 35. Nd2 Rxe3+ 36. Kxe3 Rc3+ 37. Kd4 Rxa3 0-1

[Event "AUT-ch U16"]
[Site "St Veit"]
[Date "2021.10.26"]
[Round "3.6"]
[White "Sohn, Benedikt"]
[Black "Koestner, Laurin"]
[Result "0-1"]
[WhiteElo "1523"]
[BlackElo "1728"]
[PlyCount "32"]
[EventDate "2021.10.25"]
[EventType "swiss"]
[EventRounds "7"]
[EventCountry "AUT"]
[SourceTitle "EXT 2023"]
[Source "ChessBase"]
[SourceDate "2022.10.05"]
[SourceVersion "1"]
[SourceVersionDate "2022.10.05"]
[SourceQuality "1"]

1. d4 d5 2. Nf3 e6 3. g3 Nf6 4. Bg2 Be7 5. 0-0 0-0 6. c4 dxc4 7. Ne5 c5 8. dxc5 Qc7 9. Nxc4 Qxc5 10. Qb3 Nc6 11. Be3 Qh5 12. Nbd2 e5 13. h4 Ng4 14. Nf3 Be6 15. Bd2 e4 16. Ng5 Bxg5 0-1

[Event "AUT-ch U16"]
[Site "St Veit"]
[Date "2021.10.25"]
[Round "2.5"]
[White "Miazhynski, Michael"]
[Black "Sohn, Benedikt"]
[Result "1-0"]
[WhiteElo "1944"]
[BlackElo "1523"]
[PlyCount "73"]
[EventDate "2021.10.25"]
[EventType "swiss"]
[EventRounds "7"]
[EventCountry "AUT"]
[SourceTitle "EXT 2023"]
[Source "ChessBase"]
[SourceDate "2022.10.05"]
[SourceVersion "1"]
[SourceVersionDate "2022.10.05"]
[SourceQuality "1"]

1. e4 c6 2. d4 d5 3. exd5 cxd5 4. c4 Nf6 5. Nc3 Nc6 6. Nf3 Bg4 7. cxd5 Nxd5 8. Qb3 Bxf3 9. gxf3 e6 10. Qxb7 Nxd4 11. Bb5+ Nxb5 12. Qc6+ Ke7 13. Qxb5 Qd7 14. Nxd5+ Qxd5 15. Bg5+ f6 16. Qxd5 exd5 17. Be3 Ke6 18. 0-0-0 Bb4 19. Rd3 Rhd8 20. Kb1 a5 21. a3 Bd6 22. Re1 Kf7 23. Rxd5 Bxh2 24. Rxd8 Rxd8 25. Rh1 Be5 26. f4 Bd4 27. Rxh7 Kg6 28. Rh2 f5 29. Kc2 Rc8+ 30. Kb1 Rd8 31. Rh1 Bf6 32. Ka2 Rb8 33. b3 Rd8 34. b4 a4 35. Rb1 Rd3 36. b5 Rc3 37. Rb4 1-0

[Event "Styrian op U14/18 27th"]
[Site "Mureck"]
[Date "2021.08.10"]
[Round "7"]
[White "Sohn, Benedikt"]
[Black "Schramml, Fabian"]
[Result "1/2-1/2"]
[WhiteElo "1486"]
[BlackElo "1588"]
[PlyCount "58"]
[EventDate "2021.08.04"]
[EventType "swiss"]
[EventRounds "9"]
[EventCountry "AUT"]
[SourceTitle "EXT 2022"]
[Source "ChessBase"]
[SourceDate "2021.10.06"]
[SourceVersion "1"]
[SourceVersionDate "2021.10.06"]
[SourceQuality "1"]

1. d4 d5 2. c4 c6 3. g3 Nf6 4. Nf3 Bf5 5. Bg2 e6 6. 0-0 Bd6 7. Nc3 0-0 8. Nd2 Bb4 9. a3 Bxc3 10. bxc3 Ne4 11. Nxe4 Bxe4 12. Bxe4 dxe4 13. Qc2 f5 14. f3 exf3 15. exf3 Nd7 16. Re1 Re8 17. Bf4 c5 18. Rad1 Qe7 19. d5 Qf7 20. Qb3 e5 21. Bc1 b6 22. f4 e4 23. Be3 Nf6 24. h3 Qh5 25. Kg2 Qf3+ 26. Kh2 Qh5 27. Kg2 Qf3+ 28. Kh2 Qh5 29. Kg2 Qf3+ 1/2-1/2

[Event "Styrian op U14/18 27th"]
[Site "Mureck"]
[Date "2021.08.05"]
[Round "2"]
[White "Yi, Danny"]
[Black "Sohn, Benedikt"]
[Result "1-0"]
[WhiteElo "2173"]
[BlackElo "1486"]
[PlyCount "49"]
[EventDate "2021.08.04"]
[EventType "swiss"]
[EventRounds "9"]
[EventCountry "AUT"]
[SourceTitle "EXT 2022"]
[Source "ChessBase"]
[SourceDate "2021.10.06"]
[SourceVersion "1"]
[SourceVersionDate "2021.10.06"]
[SourceQuality "1"]

1. Nf3 Nf6 2. g3 d5 3. Bg2 g6 4. 0-0 Bg7 5. d4 0-0 6. b3 b6 7. Bb2 Bb7 8. Nbd2 c5 9. e3 e6 10. dxc5 bxc5 11. c4 Nbd7 12. Rc1 Rc8 13. Qc2 Nb6 14. Rfd1 Nfd7 15. Ne1 Bxb2 16. Qxb2 Qf6 17. Qa3 Rc7 18. Nd3 dxc4 19. Nxc4 Bxg2 20. Kxg2 Nxc4 21. Rxc4 Rfc8 22. Rdc1 Qf5 23. e4 Qg5 24. Qa5 Qd2 25. Qxd2 1-0

[Event "Styrian op U14/18 26th"]
[Site "Mureck"]
[Date "2019.08.08"]
[Round "9"]
[White "Bitkova, Jelizaveta"]
[Black "Sohn, Benedikt"]
[Result "1/2-1/2"]
[WhiteElo "1565"]
[BlackElo "1275"]
[PlyCount "61"]
[EventDate "2019.07.31"]
[EventType "swiss"]
[EventRounds "9"]
[EventCountry "AUT"]
[SourceTitle "EXT 2020"]
[Source "ChessBase"]
[SourceDate "2019.10.17"]
[SourceVersion "1"]
[SourceVersionDate "2019.10.17"]
[SourceQuality "1"]

1. c4 Nf6 2. Nc3 g6 3. g3 Bg7 4. Bg2 0-0 5. Nf3 d6 6. 0-0 c6 7. d4 Qc7 8. e4 Nbd7 9. b3 e5 10. d5 Nc5 11. Nd2 Bd7 12. Ba3 cxd5 13. Bxc5 Qxc5 14. Nxd5 Nxd5 15. cxd5 Bb5 16. Re1 Bh6 17. Bf1 Bxf1 18. Kxf1 Rac8 19. Qe2 b5 20. Rab1 a6 21. b4 Qb6 22. Nb3 f5 23. Rb2 fxe4 24. Qxe4 Rf7 25. Kg2 Rcf8 26. Ree2 Qc7 27. Rbc2 Qd7 28. Rc6 Qa7 29. Rcc2 Qd7 30. Rc6 Qa7 31. Rcc2 1/2-1/2

[Event "Steyr Landesliga 1819"]
[Site "Austria"]
[Date "2018.11.10"]
[Round "4.8"]
[White "Sohn, Benedikt"]
[Black "Marakovits, Nico"]
[Result "0-1"]
[WhiteElo "1418"]
[BlackElo "1670"]
[PlyCount "48"]
[EventDate "2018.10.06"]
[EventType "team-tourn"]
[EventRounds "11"]
[EventCountry "AUT"]
[SourceTitle "CBM 187 Extra"]
[Source "ChessBase"]
[SourceDate "2018.11.04"]
[SourceVersion "1"]
[SourceVersionDate "2018.11.04"]
[SourceQuality "1"]
[WhiteTeam "Graz Styria"]
[BlackTeam "Fuerstenfeld/Hartberg"]
[WhiteTeamCountry "AUT"]
[BlackTeamCountry "AUT"]

1. d4 Nf6 2. c4 g6 3. Nc3 Bg7 4. e4 d6 5. Nf3 0-0 6. Be2 e5 7. d5 h6 8. Qc2 a5 9. h4 Nh5 10. g3 Bg4 11. Nh2 Bxe2 12. Nxe2 Nf6 13. Be3 Na6 14. a3 b6 15. f3 Nc5 16. g4 Nfd7 17. Nf1 a4 18. Nfg3 Nb3 19. Rb1 Qf6 20. Kf2 Nd4 21. Bxd4 exd4 22. h5 Ne5 23. f4 d3 24. Qd2 dxe2 0-1

[Event "Styrian op U08/12 25th"]
[Site "Mureck"]
[Date "2018.08.02"]
[Round "2"]
[White "Schwarz, Rene"]
[Black "Sohn, Benedikt"]
[Result "0-1"]
[WhiteElo "1020"]
[BlackElo "1415"]
[PlyCount "60"]
[EventDate "2018.08.01"]
[EventType "swiss"]
[EventRounds "9"]
[EventCountry "AUT"]
[SourceTitle "CBM 186 Extra"]
[Source "ChessBase"]
[SourceDate "2018.08.24"]
[SourceVersion "1"]
[SourceVersionDate "2018.08.24"]
[SourceQuality "1"]

1. g3 d5 2. Bg2 Nf6 3. d3 Nc6 4. Nf3 Bg4 5. 0-0 e6 6. Qe1 Qd7 7. Bf4 Bd6 8. Bxd6 Qxd6 9. Nc3 0-0-0 10. Nb5 Qd7 11. Nbd4 Bxf3 12. Nxc6 Bxg2 13. Nxa7+ Kb8 14. Kxg2 Kxa7 15. c4 h5 16. cxd5 h4 17. dxe6 Qxe6 18. Qa5+ Kb8 19. Rac1 Qd5+ 20. Kg1 Qxa5 21. b4 Qd5 22. Rc5 hxg3 23. fxg3 Qd4+ 24. Kg2 Ng4 25. h3 Ne3+ 26. Kg1 Nxf1+ 27. Kxf1 Rxh3 28. Kg2 Rdh8 29. Rc4 Rh2+ 30. Kf1 Qf2# 0-1